[Event "GER-ch U25 op-B"]
[Site "Willingen"]
[Date "2015.05.24"]
[Round "1"]
[White "Feil, Alexander"]
[Black "Nagel, Philipp"]
[Result "1-0"]
[WhiteElo "1276"]
[BlackElo "761"]
[PlyCount "47"]
[EventDate "2015.05.24"]
[EventType "swiss"]
[EventRounds "9"]
[EventCountry "GER"]
[SourceTitle "CBM 166 Extra"]
[Source "ChessBase"]
[SourceDate "2015.06.18"]
[SourceVersion "1"]
[SourceVersionDate "2015.06.18"]
[SourceQuality "1"]

1. e4 d5 2. exd5 Qxd5 3. d4 Qa5+ 4. Nc3 Nf6 5. Nf3 Nc6 6. Bc4 Bg4 7. h3 Bh5 8. 0-0 0-0-0 9. Be3 e5 10. Qd2 Bxf3 11. gxf3 exd4 12. Bxf7 dxc3 13. Qxc3 Bb4 14. Be6+ Kb8 15. Qb3 Nd5 16. c3 Nxe3 17. fxe3 Bc5 18. Kf2 Rhe8 19. Rfe1 Rd6 20. Bd5 Red8 21. Bxc6 Rxc6 22. Red1 Rcd6 23. Rxd6 Rxd6 24. Qg8+ 1-0

[Event "Bremen-ch op"]
[Site "Bremen"]
[Date "2015.03.30"]
[Round "4"]
[White "Zijlstra, Berend"]
[Black "Nagel, Philipp"]
[Result "1-0"]
[WhiteElo "1319"]
[BlackElo "1000"]
[PlyCount "43"]
[EventDate "2015.03.28"]
[EventType "swiss"]
[EventRounds "9"]
[EventCountry "GER"]
[SourceTitle "EXT 2018"]
[Source "ChessBase"]
[SourceDate "2017.10.13"]
[SourceVersion "1"]
[SourceVersionDate "2017.10.13"]
[SourceQuality "1"]

1. e4 d5 2. exd5 Qxd5 3. Nf3 Qh5 4. Be2 Bg4 5. h3 Bxf3 6. Bxf3 Qe5+ 7. Qe2 f6 8. Qxe5 fxe5 9. Bxb7 e4 10. Bxa8 Nf6 11. 0-0 e6 12. Nc3 c6 13. Re1 g5 14. Nxe4 Kf7 15. Nxg5+ Ke8 16. Rxe6+ Be7 17. Bxc6+ Nxc6 18. Rxc6 Nd5 19. Rc8+ Kd7 20. Rxh8 Bxg5 21. Rxh7+ Ne7 22. d4 1-0